000 00386nam a2200157Ia 4500
008 151213s9999 xx 000 0 und d
020 _a0-58255232-X
100 _aMaurice Jm Hoof
245 _aFrom Paragraph To Essy
_cMaurice Jm Hoof
260 _aHong Kong
_bLong man
_c2003
300 _a6554 p.
650 _aElt
650 _aEnglish
700 _aMaurice Jm Hoof
999 _c3636
_d3636